Statistics for Biggest Cities that End with 'A' on a Map

Click here to take the quiz!

General Stats

  • This quiz has been taken 78 times
  • The average score is 14 of 16

Answers on the Map

Answers color-coded by a green-red scale on the quiz's map according to % correct below.
 

Answer Stats

PopulationCity% Correct
5,950,000Alexandria
97%
5,900,000Atlanta
97%
9,800,000Bogota
97%
11,100,000Lima
97%
26,300,000Manila
97%
5,150,000Ankara
96%
32,100,000Jakarta
96%
17,700,000Osaka
96%
13,900,000Kinshasa
93%
20,300,000Dhaka
91%
17,000,000Kolkata
90%
8,450,000Luanda
85%
5,200,000Accra
84%
10,500,000Nagoya
84%
6,150,000Surabaya
74%
5,050,000Changsha
47%

Score Distribution

Percentile by Number Answered

Percent of People with Each Score

Your Score History

You have not taken this quiz